[Event "Bangabandhu-chT"]
[Site "Dhaka"]
[Date "2024.02.08"]
[Round "8.3"]
[White "Iniyan, Panneerseluam"]
[Black "Hasan, Sk Rashedul"]
[Result "1-0"]
[WhiteElo "2500"]
[BlackElo "1858"]
[PlyCount "79"]
[EventDate "2024.02.01"]
[EventType "team-tourn"]
[EventRounds "11"]
[EventCountry "BAN"]
[SourceTitle "CB07_2024"]
[SourceDate "2024.02.14"]
[SourceVersion "1"]
[SourceVersionDate "2024.02.14"]
[SourceQuality "1"]
[WhiteTeam "Palli Sanchay Bank"]
[BlackTeam "Janata Bank Welfare Society"]
[WhiteTeamCountry "BAN"]
[BlackTeamCountry "BAN"]

1. d4 Nf6 2. c4 d6 3. Nf3 Nbd7 4. Nc3 e5 5. e4 Be7 6. Be2 c6 7. 0-0 0-0 8. Qc2 Ne8 9. Rd1 Qc7 10. b3 g6 11. Ba3 Ndf6 12. Bb2 Nh5 13. g3 Neg7 14. Rac1 b6 15. c5 bxc5 16. dxe5 dxe5 17. Na4 f6 18. Nxc5 Bh3 19. Na6 Qc8 20. Qxc6 Qg4 21. Qc4+ Kh8 22. Nxe5 Qe6 23. Qxe6 Bxe6 24. Nc6 Bd8 25. Nxd8 Raxd8 26. Nc7 Bg8 27. f4 h6 28. Kf2 Kh7 29. Rxd8 Rxd8 30. Rd1 Rc8 31. Rd7 a5 32. Bxh5 Rf8 33. Be2 h5 34. e5 Kh6 35. exf6 Ne6 36. Nxe6 Bxe6 37. Re7 Bf5 38. f7 g5 39. Bc4 gxf4 40. Re8 1-0

[Event "Bangabandhu-chT"]
[Site "Dhaka"]
[Date "2024.02.04"]
[Round "4.2"]
[White "Hasan, Sk Rashedul"]
[Black "Ahmed, Sk Nasir"]
[Result "0-1"]
[WhiteElo "1858"]
[BlackElo "2182"]
[PlyCount "100"]
[EventDate "2024.02.01"]
[EventType "team-tourn"]
[EventRounds "11"]
[EventCountry "BAN"]
[SourceTitle "CB06_2024"]
[SourceDate "2024.02.07"]
[SourceVersion "1"]
[SourceVersionDate "2024.02.07"]
[SourceQuality "1"]
[WhiteTeam "Janata Bank Welfare Society"]
[BlackTeam "Bangladesh Navy"]
[WhiteTeamCountry "BAN"]
[BlackTeamCountry "BAN"]

1. e4 c5 2. c3 d5 3. d3 Nc6 4. Nd2 e5 5. Ngf3 Nf6 6. Be2 Be7 7. a3 0-0 8. b4 a6 9. 0-0 Re8 10. Re1 Bf8 11. Bf1 Bg4 12. Qc2 Rc8 13. Qb1 d4 14. cxd4 Nxd4 15. Nxd4 cxd4 16. Nb3 Bd7 17. Bd2 Ba4 18. Qb2 Bd6 19. Rec1 Qd7 20. Be2 h6 21. h3 Qe6 22. Bd1 Qe7 23. Nxd4 Bd7 24. Nf3 Nh5 25. Rxc8 Bxc8 26. Rc1 Bd7 27. Bb3 Qf6 28. Kh2 Nf4 29. Ne1 Ne2 30. Be3 Nxc1 31. Qxc1 Rc8 32. Qd2 Be6 33. Bd1 Qd8 34. Nf3 Qc7 35. Nh4 Be7 36. Nf5 Bxf5 37. exf5 e4+ 38. g3 Qc3 39. Qe2 exd3 40. Qg4 Rc4 41. Qf3 Bg5 42. Bc5 Qe1 43. Bb3 Qe4 44. Qh5 b5 45. h4 Bf6 46. a4 bxa4 47. Bxc4 Qxc4 48. g4 Qf4+ 49. Kg1 Qf3 50. Be3 a3 0-1

[Event "Bangabandhu-chT"]
[Site "Dhaka"]
[Date "2024.02.01"]
[Round "1.2"]
[White "Hasan Md, Emam"]
[Black "Hasan, Sk Rashedul"]
[Result "1-0"]
[WhiteElo "2053"]
[BlackElo "1858"]
[PlyCount "117"]
[EventDate "2024.02.01"]
[EventType "team-tourn"]
[EventRounds "11"]
[EventCountry "BAN"]
[SourceTitle "CB06_2024"]
[SourceDate "2024.02.07"]
[SourceVersion "1"]
[SourceVersionDate "2024.02.07"]
[SourceQuality "1"]
[WhiteTeam "Uttara Central CC"]
[BlackTeam "Janata Bank Welfare Society"]
[WhiteTeamCountry "BAN"]
[BlackTeamCountry "BAN"]

1. e4 c5 2. Nc3 g6 3. g3 Bg7 4. Bg2 Nc6 5. Nge2 d6 6. 0-0 e6 7. f4 Nge7 8. d3 0-0 9. g4 f5 10. gxf5 exf5 11. Ng3 Nd4 12. Be3 Rb8 13. Qd2 b5 14. Nd1 Qc7 15. c3 Ndc6 16. a3 Na5 17. Qf2 Nb3 18. Rb1 Be6 19. Re1 Kh8 20. Qc2 a5 21. exf5 Nxf5 22. Nxf5 Rxf5 23. Bh3 Qf7 24. Bxf5 Bxf5 25. Nf2 c4 26. Qe2 Re8 27. Rbd1 b4 28. axb4 axb4 29. dxc4 bxc3 30. bxc3 Rc8 31. Rxd6 Bxc3 32. Red1 Bf6 33. Qa2 Rb8 34. Bb6 Rxb6 35. Rxb6 Nc5 36. Rxf6 Qxf6 37. Qa8+ Kg7 38. Qa7+ Nd7 39. Rxd7+ Bxd7 40. Qxd7+ Kg8 41. Qe8+ Kg7 42. Qe5 Kf7 43. Qxf6+ Kxf6 44. Kg2 Kf5 45. c5 Ke6 46. Kf3 Kd5 47. Nd3 h6 48. Kg4 Ke6 49. h4 Kf6 50. c6 h5+ 51. Kf3 Ke6 52. Ke4 Kd6 53. Nb4 Ke6 54. c7 Kd7 55. Nd5 g5 56. fxg5 Kd6 57. g6 Kd7 58. g7 Kd6 59. g8Q 1-0

[Event "BAN-chT2"]
[Site "Dhaka"]
[Date "2022.07.19"]
[Round "2.1"]
[White "Syed, Mahabubur Rashid"]
[Black "Hasan, Sk Rashedul"]
[Result "0-1"]
[WhiteElo "1614"]
[BlackElo "1856"]
[PlyCount "68"]
[EventDate "2022.07.18"]
[EventType "team-swiss"]
[EventRounds "9"]
[EventCountry "BAN"]
[SourceTitle "EXT 2023"]
[Source "ChessBase"]
[SourceDate "2022.10.05"]
[SourceVersion "1"]
[SourceVersionDate "2022.10.05"]
[SourceQuality "1"]
[WhiteTeam "Tangail Kings CC"]
[BlackTeam "Sadharan Bima Corporation"]
[WhiteTeamCountry "BAN"]
[BlackTeamCountry "BAN"]

1. e4 c5 2. d3 d6 3. Nf3 Nf6 4. g3 Nc6 5. Bg2 e6 6. c3 Be7 7. 0-0 0-0 8. Re1 Qc7 9. Be3 Rb8 10. Nbd2 b5 11. Rb1 b4 12. c4 Qa5 13. Ra1 h6 14. a4 Ng4 15. Nb3 Qc7 16. Bf4 e5 17. Bc1 f5 18. exf5 Bxf5 19. h3 Nf6 20. Qe2 Rbe8 21. Nbd2 Qd7 22. Kh2 Kh8 23. Nh4 Nd4 24. Qd1 Bxd3 25. Ne4 Bxe4 26. Bxe4 Nxe4 27. Ng6+ Kg8 28. Nxf8 Rxf8 29. Rxe4 Rxf2+ 30. Kg1 Qxh3 31. Kxf2 Qh2+ 32. Ke1 Qh1+ 33. Kd2 Qxe4 34. Qh5 g6 0-1

[Event "Dhaka Al Mahmud Memorial"]
[Site "Dhaka"]
[Date "2022.02.08"]
[Round "4"]
[White "Hasan, Sk Rashedul"]
[Black "Rahman, Syed Mahfuzur"]
[Result "0-1"]
[WhiteElo "1842"]
[BlackElo "2099"]
[PlyCount "45"]
[EventDate "2022.02.05"]
[EventType "swiss"]
[EventRounds "9"]
[EventCountry "BAN"]
[SourceTitle "CBM 206 Extra"]
[Source "ChessBase"]
[SourceDate "2022.03.31"]
[SourceVersion "1"]
[SourceVersionDate "2022.03.31"]
[SourceQuality "1"]

1. e4 c5 2. c3 Nf6 3. d3 Nc6 4. Nf3 d6 5. Be2 g6 6. 0-0 Bg7 7. Nbd2 0-0 8. Rb1 a6 9. b3 b5 10. Bb2 Bb7 11. Re1 e5 12. Nf1 d5 13. Qc2 Rc8 14. Ng3 Re8 15. Bf1 d4 16. a3 dxc3 17. Qxc3 Qe7 18. Bc1 Nd7 19. Qb2 Nf8 20. Bg5 Qd6 21. Rec1 Ne6 22. Be3 Bf8 23. Ne1 0-1

[Event "Dhaka Al Mahmud Memorial"]
[Site "Dhaka"]
[Date "2022.02.06"]
[Round "2"]
[White "Sadnan Hasan, Dihan"]
[Black "Hasan, Sk Rashedul"]
[Result "1-0"]
[WhiteElo "2152"]
[BlackElo "1842"]
[PlyCount "101"]
[EventDate "2022.02.05"]
[EventType "swiss"]
[EventRounds "9"]
[EventCountry "BAN"]
[SourceTitle "CBM 206 Extra"]
[Source "ChessBase"]
[SourceDate "2022.03.31"]
[SourceVersion "1"]
[SourceVersionDate "2022.03.31"]
[SourceQuality "1"]

1. e4 d6 2. d4 Nf6 3. Nc3 e5 4. Nf3 Nbd7 5. dxe5 dxe5 6. Bg5 Be7 7. Bc4 c6 8. Qe2 Qc7 9. a4 0-0 10. Bh4 Nc5 11. Bg3 Bg4 12. h3 Bh5 13. Bh2 Bd6 14. Rb1 Bg6 15. Nd2 Rfe8 16. g4 Ne6 17. Bxe6 Rxe6 18. f3 Bb4 19. Nd1 Rd8 20. c3 Be7 21. Bg3 Qa5 22. Ra1 Nd7 23. Nc4 Qc7 24. Nf2 b5 25. axb5 cxb5 26. Ne3 Bg5 27. Nd5 Qb8 28. h4 Bf4 29. Bxf4 exf4 30. h5 Nc5 31. Rd1 Bxe4 32. fxe4 Rde8 33. 0-0 Nxe4 34. Nxe4 Rxe4 35. Qf3 a5 36. h6 Qa7+ 37. Rd4 Rxd4 38. cxd4 Qxd4+ 39. Rf2 g5 40. Qc3 Qxc3 41. bxc3 Re6 42. Nc7 Rxh6 43. Nxb5 Kf8 44. Nd4 Rh3 45. Rc2 Rg3+ 46. Kf2 Rxg4 47. c4 Rg3 48. c5 Rd3 49. c6 g4 50. c7 g3+ 51. Kg2 1-0

[Event "Dhaka Bangabandhu op-B"]
[Site "Dhaka"]
[Date "2021.03.17"]
[Round "9"]
[White "Hasan, Sk Rashedul"]
[Black "Md Nazrul Islam, Mondol"]
[Result "1-0"]
[WhiteElo "1902"]
[BlackElo "1698"]
[PlyCount "79"]
[EventDate "2021.03.09"]
[EventType "swiss"]
[EventRounds "9"]
[EventCountry "BAN"]
[SourceTitle "EXT 2022"]
[Source "ChessBase"]
[SourceDate "2021.10.06"]
[SourceVersion "1"]
[SourceVersionDate "2021.10.06"]
[SourceQuality "1"]

1. e4 c5 2. Nc3 Nc6 3. f4 d6 4. Bb5 a6 5. Bxc6+ bxc6 6. Nf3 Bg4 7. 0-0 g6 8. d3 Bg7 9. Bd2 e6 10. Qe1 Bxf3 11. Rxf3 Nf6 12. f5 0-0 13. Qh4 Nd7 14. Bg5 Bf6 15. fxg6 fxg6 16. Rxf6 Rxf6 17. e5 dxe5 18. Ne4 Kg7 19. Nxf6 Nxf6 20. Rf1 Qd4+ 21. Qxd4 exd4 22. Bxf6+ Kh6 23. Be7 Rb8 24. b3 Re8 25. Bxc5 e5 26. Re1 Kg5 27. Bxd4 Kf5 28. h3 h5 29. Re4 Re6 30. Bc3 c5 31. Kf2 Re8 32. Ke3 Re6 33. g4+ hxg4 34. hxg4+ Kf6 35. Rc4 Kg5 36. Re4 Kf6 37. Rxe5 Rxe5+ 38. Bxe5+ Kxe5 39. c3 g5 40. d4+ 1-0

[Event "Dhaka Bangabandhu op-B"]
[Site "Dhaka"]
[Date "2021.03.16"]
[Round "8"]
[White "Sacchu, Afzal Hossain"]
[Black "Hasan, Sk Rashedul"]
[Result "1-0"]
[WhiteElo "1993"]
[BlackElo "1902"]
[PlyCount "75"]
[EventDate "2021.03.09"]
[EventType "swiss"]
[EventRounds "9"]
[EventCountry "BAN"]
[SourceTitle "CBM 201 Extra"]
[Source "ChessBase"]
[SourceDate "2021.05.31"]
[SourceVersion "1"]
[SourceVersionDate "2021.05.31"]
[SourceQuality "1"]

1. d4 Nf6 2. c4 g6 3. Nc3 d5 4. Nf3 Bg7 5. g3 0-0 6. Bg2 c6 7. cxd5 cxd5 8. 0-0 Bf5 9. Nh4 Be6 10. h3 Nc6 11. Be3 Rc8 12. Rc1 Qa5 13. Qb3 Qa6 14. Qa4 Qb6 15. Qa3 Rfe8 16. Nf3 h6 17. Rfd1 Na5 18. b3 Nc6 19. Ne5 Qa5 20. Qxa5 Nxa5 21. Nb5 Nc6 22. Nxc6 bxc6 23. Nxa7 Ra8 24. Nxc6 Rxa2 25. Kf1 Ne4 26. g4 f5 27. gxf5 Bxf5 28. Nb4 Rb2 29. Nxd5 Rxb3 30. Rc7 Kf8 31. Rdc1 e5 32. dxe5 g5 33. Bxe4 Bxe4 34. Nf6 Bxf6 35. exf6 Bd5 36. Bc5+ Kg8 37. e3 Bf7 38. Bd4 1-0

[Event "Dhaka Bangabandhu op-B"]
[Site "Dhaka"]
[Date "2021.03.13"]
[Round "5"]
[White "Chowdhury, Shamsul Kabir"]
[Black "Hasan, Sk Rashedul"]
[Result "0-1"]
[WhiteElo "1757"]
[BlackElo "1902"]
[PlyCount "42"]
[EventDate "2021.03.09"]
[EventType "swiss"]
[EventRounds "9"]
[EventCountry "BAN"]
[SourceTitle "CBM 201 Extra"]
[Source "ChessBase"]
[SourceDate "2021.05.31"]
[SourceVersion "1"]
[SourceVersionDate "2021.05.31"]
[SourceQuality "1"]

1. d4 Nf6 2. c4 g6 3. Nc3 d5 4. Bg5 Bg7 5. e3 0-0 6. h3 dxc4 7. Bxc4 c5 8. Nge2 Nc6 9. d5 Na5 10. Bb5 a6 11. Ba4 b5 12. Bc2 b4 13. Na4 Nxd5 14. Be4 e6 15. Nxc5 Nc4 16. Nd4 Qc7 17. Rc1 Qxc5 18. Qb3 Qa7 19. Rxc4 Nf4 20. Nc6 Nxg2+ 21. Bxg2 Qd7 0-1

[Event "BAN-chT2 Borsho 2nd"]
[Site "Bangladesh"]
[Date "2021.01.28"]
[Round "9.4"]
[White "Sumon, Ghosh"]
[Black "Hasan, Sk Rashedul"]
[Result "0-1"]
[WhiteElo "1753"]
[BlackElo "1897"]
[PlyCount "74"]
[EventDate "2021.01.20"]
[EventType "team-tourn"]
[EventRounds "9"]
[EventCountry "BAN"]
[SourceTitle "CBM 200 Extra"]
[Source "ChessBase"]
[SourceDate "2021.03.31"]
[SourceVersion "1"]
[SourceVersionDate "2021.03.31"]
[SourceQuality "1"]
[WhiteTeam "Mohammadpur CC"]
[BlackTeam "Shahnoor Khan Smrity Sangsad"]
[WhiteTeamCountry "BAN"]
[BlackTeamCountry "BAN"]

1. e4 c5 2. Nf3 g6 3. d4 cxd4 4. Qxd4 Nf6 5. e5 Nc6 6. Qe3 Ng4 7. Qe4 Ngxe5 8. Nxe5 Qa5+ 9. Bd2 Qxe5 10. Qxe5 Nxe5 11. Bc3 f6 12. Nd2 Bh6 13. h3 0-0 14. 0-0-0 d5 15. Kb1 a6 16. g3 e6 17. f4 Nc6 18. Nf3 Bd7 19. Bd3 b5 20. b3 Bg7 21. h4 e5 22. fxe5 fxe5 23. Ng5 h6 24. Bxg6 hxg5 25. hxg5 d4 26. Be4 Kf7 27. Rh7 Ne7 28. Bxa8 Rxa8 29. Bb4 Nd5 30. Bd2 Kg6 31. Rhh1 e4 32. Bf4 Nc3+ 33. Kc1 Nxd1 34. Rxd1 Rc8 35. Kb1 Bf5 36. Rd2 e3 37. Rh2 Re8 0-1

[Event "BAN-chT2 Borsho 2nd"]
[Site "Bangladesh"]
[Date "2021.01.27"]
[Round "8.4"]
[White "Hasan, Sk Rashedul"]
[Black "Md Anisur, Rahman"]
[Result "1-0"]
[WhiteElo "1897"]
[BlackElo "1783"]
[PlyCount "85"]
[EventDate "2021.01.20"]
[EventType "team-tourn"]
[EventRounds "9"]
[EventCountry "BAN"]
[SourceTitle "CBM 200 Extra"]
[Source "ChessBase"]
[SourceDate "2021.03.31"]
[SourceVersion "1"]
[SourceVersionDate "2021.03.31"]
[SourceQuality "1"]
[WhiteTeam "Shahnoor Khan Smrity Sangsad"]
[BlackTeam "Bangladesh Police Prime"]
[WhiteTeamCountry "BAN"]
[BlackTeamCountry "BAN"]

1. e4 e6 2. d4 d5 3. Nc3 Nf6 4. Bg5 Be7 5. e5 Nfd7 6. Bxe7 Qxe7 7. f4 c5 8. Nb5 Na6 9. Nd6+ Kf8 10. Nf3 c4 11. Ng5 f6 12. Ngf7 Rg8 13. Qh5 h6 14. c3 Nc7 15. Be2 Ne8 16. 0-0 Nxd6 17. Nxd6 f5 18. g4 g6 19. Qxh6+ Qg7 20. Qg5 Qe7 21. Qxe7+ Kxe7 22. gxf5 exf5 23. Rf3 Rh8 24. Rg3 Nf8 25. b3 cxb3 26. axb3 a6 27. Bf3 Be6 28. Nxb7 Rh4 29. Nc5 Rxf4 30. Rxa6 Rxa6 31. Nxa6 Rh4 32. Nb4 f4 33. Rg2 Bh3 34. Nxd5+ Kf7 35. Ra2 g5 36. Ra7+ Kg8 37. Nf6+ Kh8 38. Rf7 Ne6 39. d5 Nc5 40. Bh5 Bf5 41. e6 Ne4 42. Nxe4 Rxh5 43. Rxf5 1-0

[Event "Dhaka Gateway Academy op"]
[Site "Dhaka"]
[Date "2020.01.01"]
[Round "3"]
[White "Hasan, Sk Rashedul"]
[Black "Chowdhury, Shamsul Kabir"]
[Result "1-0"]
[WhiteElo "1962"]
[BlackElo "1754"]
[PlyCount "73"]
[EventDate "2019.12.30"]
[EventType "team-tourn"]
[EventRounds "7"]
[EventCountry "BAN"]
[SourceTitle "CBM 194 Extra"]
[Source "ChessBase"]
[SourceDate "2020.03.31"]
[SourceVersion "1"]
[SourceVersionDate "2020.03.31"]
[SourceQuality "1"]

1. e4 c6 2. d4 d5 3. exd5 cxd5 4. Bd3 Nf6 5. c3 e6 6. Bf4 Bd6 7. Bxd6 Qxd6 8. Nf3 Ne4 9. Nbd2 f5 10. Ne5 Nd7 11. Qh5+ g6 12. Nxg6 Ndf6 13. Nxe4 fxe4 14. Bb5+ Bd7 15. Bxd7+ Qxd7 16. Qh4 Rg8 17. Qxf6 hxg6 18. 0-0-0 Qe7 19. Qe5 Rf8 20. Qg3 Qf6 21. Rd2 Kd7 22. Rf1 g5 23. Re2 Qf4+ 24. Qxf4 Rxf4 25. Kd2 g4 26. Re3 Rh8 27. h3 gxh3 28. gxh3 Rg8 29. Ke2 Rg2 30. Rg3 Rfxf2+ 31. Rxf2 Rxg3 32. Rh2 Ke7 33. Kf2 Rf3+ 34. Ke2 Kf6 35. Rf2 Rf5 36. c4 Kg5 37. c5 1-0

[Event "BAN-chT"]
[Site "Dhaka"]
[Date "2019.12.13"]
[Round "7.4"]
[White "Swarnavo, Choudhury"]
[Black "Hasan, Sk Rashedul"]
[Result "0-1"]
[WhiteElo "1840"]
[BlackElo "1962"]
[PlyCount "98"]
[EventDate "2019.12.07"]
[EventType "team-tourn"]
[EventRounds "11"]
[EventCountry "BAN"]
[SourceTitle "CBM 194 Extra"]
[Source "ChessBase"]
[SourceDate "2020.03.31"]
[SourceVersion "1"]
[SourceVersionDate "2020.03.31"]
[SourceQuality "1"]
[WhiteTeam "Access"]
[BlackTeam "Sonargaon CC"]
[WhiteTeamCountry "BAN"]
[BlackTeamCountry "BAN"]

1. e4 c5 2. Nf3 g6 3. d4 cxd4 4. Nxd4 Nf6 5. Nc3 Nc6 6. Bc4 Bg7 7. Be3 0-0 8. f3 Qb6 9. Qd2 Nxe4 10. fxe4 Bxd4 11. Bh6 Qxb2 12. Nd1 Qxa1 13. Bxf8 Kxf8 14. c3 Bf6 15. Qc2 b5 16. Bd5 b4 17. 0-0 bxc3 18. e5 Nb4 19. Qf2 Nxd5 20. exf6 Nxf6 21. Qc2 Ba6 22. Re1 Rb8 23. Kf2 Qb1 24. Qxc3 Qxd1 25. Rxd1 Ne4+ 26. Ke3 Nxc3 27. Rxd7 Rb7 28. Rd8+ Kg7 29. a3 e6 30. g3 Nd5+ 31. Kd4 Rc7 32. Ke5 Be2 33. Ra8 a6 34. Kd6 Rc3 35. a4 Ra3 36. a5 Rxa5 37. h4 h5 38. Ra7 Ra3 39. Kd7 Rxg3 40. Ke8 Rf3 41. Rb7 Rf4 42. Ra7 Bb5+ 43. Kd8 Rxh4 44. Rb7 Rf4 45. Ra7 h4 46. Rb7 h3 47. Ra7 h2 48. Rb7 h1Q 49. Ra7 Qh8# 0-1

[Event "BAN-chT"]
[Site "Dhaka"]
[Date "2019.12.09"]
[Round "3.6"]
[White "Rakesh, Kumar Jena"]
[Black "Hasan, Sk Rashedul"]
[Result "1-0"]
[WhiteElo "2335"]
[BlackElo "1962"]
[PlyCount "67"]
[EventDate "2019.12.07"]
[EventType "team-tourn"]
[EventRounds "11"]
[EventCountry "BAN"]
[SourceTitle "CBM 193 Extra"]
[Source "ChessBase"]
[SourceDate "2020.01.31"]
[SourceVersion "1"]
[SourceVersionDate "2020.01.31"]
[SourceQuality "1"]
[WhiteTeam "Titas CC"]
[BlackTeam "Sonargaon CC"]
[WhiteTeamCountry "BAN"]
[BlackTeamCountry "BAN"]

1. d4 Nf6 2. Nf3 e6 3. Bf4 c5 4. e3 b6 5. Nbd2 Be7 6. h3 Bb7 7. Bd3 0-0 8. c3 cxd4 9. exd4 d6 10. Qe2 Nbd7 11. 0-0 Re8 12. Bh2 Bf8 13. Rfd1 Qc7 14. a4 a6 15. a5 b5 16. c4 bxc4 17. Nxc4 Nd5 18. Rdc1 Qb8 19. Ng5 N7f6 20. Ne4 Nxe4 21. Bxe4 Ra7 22. Qd2 Rd8 23. Rab1 Nf6 24. Bd3 Be4 25. Bxe4 Nxe4 26. Qd3 Qb7 27. Nb6 Nf6 28. Qc4 Qe4 29. b4 Qf5 30. Qc2 Qb5 31. Qc6 Qf5 32. Nc8 Rad7 33. Qxa6 Re7 34. Na7 1-0

[Event "Dhaka Saarc op"]
[Site "Dhaka"]
[Date "2019.12.01"]
[Round "7"]
[White "Sankalan, Shah"]
[Black "Hasan, Sk Rashedul"]
[Result "1-0"]
[WhiteElo "1710"]
[BlackElo "1933"]
[PlyCount "59"]
[EventDate "2019.11.25"]
[EventType "swiss"]
[EventRounds "9"]
[EventCountry "BAN"]
[SourceTitle "CBM 193 Extra"]
[Source "ChessBase"]
[SourceDate "2020.01.31"]
[SourceVersion "1"]
[SourceVersionDate "2020.01.31"]
[SourceQuality "1"]

1. Nf3 c5 2. g3 g6 3. Bg2 Bg7 4. 0-0 Nf6 5. d3 0-0 6. Nbd2 d6 7. e4 Nc6 8. Nc4 Bd7 9. Ne1 Qc8 10. Ne3 Bh3 11. f4 Bxg2 12. N1xg2 b5 13. f5 c4 14. Bd2 cxd3 15. cxd3 b4 16. Rc1 Qb7 17. Nf4 a5 18. Ned5 Rac8 19. b3 Kh8 20. Be3 Nxd5 21. Nxd5 Nd4 22. Rxc8 Rxc8 23. f6 Bxf6 24. Nxf6 Nc2 25. Ng4 h5 26. Rxf7 Qd7 27. Nf6 exf6 28. Rxd7 Nxe3 29. Qd2 Ng4 30. h3 1-0